Case studies on mergers, acquisitions and alliances V.2 (Record no. 184217)

MARC details
000 -LEADER
fixed length control field 00458nam a2200157Ia 4500
005 - DATE AND TIME OF LATEST TRANSACTION
control field 20250415150420.0
008 - FIXED-LENGTH DATA ELEMENTS--GENERAL INFORMATION
fixed length control field 231217s9999 xx 000 0 und d
020 ## - INTERNATIONAL STANDARD BOOK NUMBER
International Standard Book Number 9788131405376
082 ## - DEWEY DECIMAL CLASSIFICATION NUMBER
Classification number 658.11 MUT.2;1 R
100 ## - MAIN ENTRY--PERSONAL NAME
Personal name Muthukumar, R ed.
245 #0 - TITLE STATEMENT
Title Case studies on mergers, acquisitions and alliances V.2
260 ## - PUBLICATION, DISTRIBUTION, ETC. (IMPRINT)
Date of publication, distribution, etc. 2007
Name of publisher, distributor, etc. Icfai Books
Place of publication, distribution, etc. Hyderabad
300 ## - PHYSICAL DESCRIPTION
Extent iv, 248
650 ## - SUBJECT ADDED ENTRY--TOPICAL TERM
Topical term or geographic name as entry element studies,mergers,,acquisitions,alliances,V.2
942 ## - ADDED ENTRY ELEMENTS (KOHA)
Koha item type Books
Holdings
Date last seen Total Checkouts Full call number Accession number Old discount Cost, replacement price Price effective from Category Lost status Damaged status Department Withdrawn status bill no. bill date Permanent Location Current Location Shelving location Entry date Vendor Cost, normal purchase price Grants Currency symbol Conversion rate Discount Discount type Public note
26/01/2024   658.11 MUT.2;1 R 56455 20 600.00 26/01/2024 Books     Central Library   172/ICFAI/09-10/BLR 08/06/2013 Central Library Central Library Central Library 09/10/2009 ICFAI Press 750.00 MBA RS 1 150 Rupees  
26/01/2024   658.11 MUT.2;2 R1 66061   38.00 26/01/2024 Books     Central Library   1993 24/09/2014 Central Library Central Library F-Block Library Annex 08/10/2010 ICFAI Press 38.00 MBA RS 1   Rupees 66061
26/01/2024   658.11 MUT.2;3 71486   38.00 26/01/2024 Books     Central Library   1993 29/01/2015 Central Library Central Library Central Library 02/12/2010 ICFAI Press 38.00 MBA RS 1   Rupees 71486

© For any Suggestions or Query, please contact the library staff @ librarian@pes.edu or Phone: +9180 2672 1983/ 2108.